| 000 | 00644nam a2200181Ia 4500 | ||
|---|---|---|---|
| 008 | 090123s9999 xx 000 0 und d | ||
| 082 | _b29931 | ||
| 100 | _aबनहट्टी राजेंद्र | ||
| 245 | _aमाणुस म्हणतो माझे घर | ||
| 250 | _a1 | ||
| 260 | _bघरकुल प्रकाशन | ||
| 300 | _a79 | ||
| 600 | _aबनहट्टी राजेंद्र | ||
| 630 | _aमाणुस म्हणतो माझे घर | ||
| 700 | _aबनहट्टी राजेंद्र | ||
| 730 | _aमाणुस म्हणतो माझे घर | ||
| 942 | _cBOOK | ||
| 999 |
_c68860 _d68860 |
||